An introduction to the finite element method
Salvato in:
| Autore principale: | |
|---|---|
| Natura: | Libro |
| Lingua: | inglese |
| Pubblicazione: |
Nueva York
McGraw-Hill
1984
|
| Soggetti: | |
| Tags: |
Aggiungi Tag
Nessun Tag, puoi essere il primo ad aggiungerne!!
|
MARC
| LEADER | 00000nam a2200000 a 4500 | ||
|---|---|---|---|
| 001 | UCU9656 | ||
| 003 | CL-VaPUC | ||
| 008 | 960823e19840000US |||||||||||||||||eng|d | ||
| 082 | 0 | 4 | |a 515.62 |b RED |2 21 |
| 100 | 0 | |a Reddy, J. N |e author |9 368929 | |
| 245 | 1 | 3 | |a An introduction to the finite element method |
| 300 | |a 495 p | ||
| 942 | |c BK | ||
| 945 | |d 19960823 00:00:00 |a cmena | ||
| 260 | |a Nueva York |b McGraw-Hill |c 1984 | ||
| 650 | 0 | |a Matemática |9 260235 | |
| 650 | 0 | |a Cálculo |9 260234 | |
| 650 | 0 | |a Lógica matemática |9 262442 | |
| 650 | 0 | |a Ecuaciones |9 260137 | |
| 583 | |a last modification |c 19960823 00:00:00 |k Rodrigo Vera | ||
| 999 | |c 251337 |d 251335 | ||